01489 2200517 4500001002100000005001500021035002000036007000300056008004100059020002200100020002200122020002200144082001400166084001600180100002800196245008100224250002600305300002200331500003400353500004000387650001100427700002100438700002200459264003000481336002100511337003000532338002300562040002200585090002200607090002200629090002200651090002200673850001200695999002200707999002200729999002200751999002200773990002200795990002200817990002200839990002200861990002200883990002200905990002200927990002200949INLIS00000000089609020250514014148 a0010-0525000336ta250514s2024 yoi f ind d a978-979-21-8205-7 a978-979-21-8206-4 a978-979-21-8207-104223a269.6 a269.6 PAU r0 aPaul SuparnoePengarang1 aRetret hidup membiara hidup berkaul /cPaul Suparno; penyunting, Lius, Retno aCetakan Pertama, 2024 a...jilid ;c21 cm aBibliografi : halaman 159-162 aYang diterima buku jilid 1, 2, 3, 4 4aRetret0 aLiusePenyunting0 aRetnoePenyunting aSleman :bKanisius,c2024 2rdacontentateks 2rdamediaatanpa perantara 2rdacarrieravolume aYOPDYOGbinderda aCB-D.11 2024-6493 aCB-D.11 2024-6505 aCB-D.11 2024-6498 aCB-D.11 2024-6499 aYOPDYOG aCB-D.11/2024-6493 aCB-D.11/2024-6505 aCB-D.11/2024-6498 aCB-D.11/2024-6499 aCB-D.11/2024-6493 aCB-D.11/2024-6505 aCB-D.11/2024-6498 aCB-D.11/2024-6499 aCB-D.11/2024-6499 aCB-D.11/2024-6493 aCB-D.11/2024-6505 aCB-D.11/2024-6498